Online Workspace (Record no. 9028)

000 -LEADER
fixed length control field 00536 a2200169 4500
003 - CONTROL NUMBER IDENTIFIER
control field NUST
038 ## - RECORD CONTENT LICENSOR
Staff Name a
082 ## - DEWEY DECIMAL CLASSIFICATION NUMBER
Classification number BIT-4
100 ## - MAIN ENTRY--PERSONAL NAME
Personal name Rabia Tariq
9 (RLIN) 93389
245 ## - TITLE STATEMENT
Title Online Workspace
Statement of responsibility, etc. Rabia Tariq
260 ## - PUBLICATION, DISTRIBUTION, ETC.
Place of publication, distribution, etc. Islamabad,
Name of publisher, distributor, etc. NUST School of Electrical Engineering & Computer Science,
Date of publication, distribution, etc. 2006.
300 ## - PHYSICAL DESCRIPTION
Extent x, 64 p. : CD-ROM
Other physical details ill. ;
Dimensions 27 cm. +
Accompanying material CD-ROM
500 ## - GENERAL NOTE
General note Supervisors : Dr. N D Gohar, Ms. Shamaila Kiyani.
563 ## - BINDING INFORMATION
Binding note a
856 ## - ELECTRONIC LOCATION AND ACCESS
Uniform Resource Identifier <a href="http://10.250.8.41:8080/xmlui/handle/123456789/13230">http://10.250.8.41:8080/xmlui/handle/123456789/13230</a>
942 ## - ADDED ENTRY ELEMENTS (KOHA)
Koha item type Thesis
Call number prefix BIT-4 RAB
Source of classification or shelving scheme
Holdings
Withdrawn status Lost status Source of classification or shelving scheme Damaged status Not for loan Permanent Location Current Location Shelving location Date acquired Full call number Barcode Date last seen Price effective from Koha item type
WITHDRAWN         Central Library (CL) Central Library (CL) General Stacks 06/07/2014 BIT-4 RAB SEECSP00210 11/14/2012 01/05/2017 Project Report
© 2023 Central Library, National University of Sciences and Technology. All Rights Reserved.